|
|
|
|
| LEADER |
00000nab a2200000 a 4500 |
| 001 |
vtls000909839 |
| 003 |
SK-MaSNL |
| 005 |
20260302173049.0 |
| 008 |
040720e20020423xo 0 slo |
| 035 |
|
|
|a KE18766
|
| 040 |
|
|
|a KEVKJB
|b slo
|c KEVKJB
|e AACR2
|
| 041 |
0 |
|
|a slo
|
| 044 |
|
|
|a xo
|c SK
|
| 080 |
|
|
|a 796.85
|2 1981
|
| 100 |
1 |
|
|a Egar, Peter
|4 aut
|9 880151
|
| 245 |
1 |
0 |
|a Akademické karate potešilo kvalitou
|
| 611 |
1 |
7 |
|a Akademické majstrovstvá Slovenska
|2 KEVKJB
|9 873493
|
| 650 |
0 |
7 |
|a karate
|2 KEVKJB
|9 3275
|
| 650 |
0 |
7 |
|a priebeh
|2 KEVKJB
|9 29559
|
| 650 |
0 |
7 |
|a výsledky
|2 KEVKJB
|9 493505
|
| 651 |
|
7 |
|a Košice (Slovensko)
|2 KEVKJB
|9 18694
|
| 651 |
|
7 |
|a KE,
|2 KEVKJB
|9 877256
|
| 655 |
|
7 |
|a periodikum
|2 snkbucl
|9 29553
|
| 773 |
0 |
8 |
|t Košický denník Korzár
|g Roč. 5, č.94, 23.4.2002, s. 5
|x 1335-4566
|
| 773 |
0 |
8 |
|i Príl.:
|t Šport
|
| 852 |
|
|
|a ZVYKNI
|b KIS3GCP
|
| 999 |
|
|
|c 1400549
|d 1402479
|